000 00771nam a22002297a 4500
005 20100908140750.0
008 100908t xxu||||| |||| 00| 0 eng d
010 _aENG-101453
020 _a9788181373663
_c296.00
020 _a8181373669
_c296.00
035 _aEN-84986
037 _bDBAD/PUB
040 _adpl
_bEng
082 _a510
100 _aMajeed,A.
_918925
245 _aTogether with AIEEE mathematics solution /
_cby A. Majeed
260 _aNew Delhi
_bRachna Sagar
_c2009
270 _a79, Kedarnath Marg,Opp. Ansari Market,Daryaganj
_bNew Delhi
_e110002
300 6 _a611p.
_c27cm (pbk)
942 _2ddc
_cEN
_h510
_mMAJ
999 _c44497
_d44497